| 000 | 00762 a2200205 4500 | ||
|---|---|---|---|
| 020 | _a0471749222 | ||
| 040 |
_aDLC _bDLC |
||
| 100 | 1 | _aLin, Jason Yi-Bing. | |
| 245 | 1 | 0 |
_aWireless and mobile all-IP networks _cYi-Bing Lin and Ai-Chun Pang. |
| 246 | 3 | _aWireless and mobile all-IP networks [electronic resource] | |
| 260 |
_aIndianapolis, IN : _bWiley, _cc2005. |
||
| 300 |
_axxiii, 504 p. : _bill. ; _c25 cm. |
||
| 650 | 0 | _aWireless communication systems. | |
| 650 | 0 | _aMobile communication systems. | |
| 650 | 0 | _aComputer network protocols. | |
| 700 | 1 | _aPang, Ai-Chun. | |
| 710 | 2 | _a NetLibrary, Inc. | |
| 856 | 4 | 1 | _uhttp://libproxy1.nus.edu.sg/login?url=http://www.netLibrary.com/urlapi.asp?action=summary&v=1&bookid=144126 |
| 942 |
_cBK _k621.3845 BIN _2ddc |
||
| 999 |
_c8348 _d8348 |
||